[Event "Mittelfranken Mitte-ch 9798"]
[Site "Stein"]
[Date "1997.??.??"]
[Round "6"]
[White "Goetz, Dieter"]
[Black "Kujundzic, Salih"]
[Result "0-1"]
[WhiteElo "1958"]
[BlackElo "2061"]
[PlyCount "84"]
[EventDate "1997.11.15"]
[EventType "swiss"]
[EventRounds "7"]
[EventCountry "GER"]
[SourceTitle "EXT 2015"]
[Source "ChessBase"]
[SourceDate "2014.11.20"]
[SourceVersion "1"]
[SourceVersionDate "2014.11.20"]
[SourceQuality "1"]

1. c4 Nf6 2. Nc3 e6 3. e4 c5 4. e5 Ng8 5. Nf3 Nc6 6. d4 cxd4 7. Nb5 d6 8. Nfxd4 Nxe5 9. f4 Nc6 10. Be2 a6 11. Nxc6 bxc6 12. Nd4 Qb6 13. Nc2 d5 14. Qd4 c5 15. Qf2 d4 16. 0-0 Nf6 17. Bf3 Rb8 18. Re1 Bd6 19. Rb1 0-0 20. Bd2 Qc7 21. Qh4 Bb7 22. Rf1 Ne4 23. Bxe4 Bxe4 24. Rfc1 f5 25. b3 Rf6 26. Rb2 Rg6 27. Ne1 e5 28. fxe5 Bxe5 29. b4 d3 30. Rb3 Rg4 31. Qh3 cxb4 32. Nf3 Bf6 33. Kf1 a5 34. c5 Bc6 35. Kf2 Rd8 36. Re1 Be4 37. Rc1 Qe7 38. c6 Rc8 39. c7 Rxc7 40. Rbb1 Rc2 41. Rxc2 dxc2 42. Rb3 Qc5+ 0-1

[Event "Mittelfranken-ch"]
[Site "Roethenbach"]
[Date "1996.??.??"]
[Round "6"]
[White "Kujundzic, Salih"]
[Black "Schatz, Werner"]
[Result "0-1"]
[WhiteElo "2045"]
[BlackElo "2030"]
[PlyCount "72"]
[EventDate "1996.??.??"]
[EventType "swiss"]
[EventRounds "9"]
[EventCountry "GER"]
[SourceTitle "EXT 2004"]
[Source "ChessBase"]
[SourceDate "2003.11.25"]
[SourceVersion "1"]
[SourceVersionDate "2003.11.25"]
[SourceQuality "1"]

1. e4 g6 2. d4 Bg7 3. c3 d5 4. exd5 Qxd5 5. Nf3 Nf6 6. Be2 0-0 7. 0-0 Bf5 8. Bf4 c6 9. Nbd2 Qd8 10. Qb3 Qb6 11. Qa3 Re8 12. Nc4 Qd8 13. Nce5 Nbd7 14. Qb3 Nd5 15. Bg3 Nxe5 16. Nxe5 Qb6 17. Qa3 Qd8 18. Rfe1 f6 19. Nc4 b5 20. Ne3 Nxe3 21. fxe3 Be4 22. Bd1 f5 23. Bb3+ e6 24. Qa6 h5 25. a4 h4 26. Bf4 g5 27. Be5 Bxe5 28. axb5 Qd6 29. bxc6 Bxh2+ 30. Kf1 Qg3 31. Re2 h3 32. c7 hxg2+ 33. Rxg2 Qxg2+ 34. Ke1 Bd5 35. Bxd5 Qxd5 36. Qe2 Qh1+ 0-1

[Event "Mittelfranken-ch"]
[Site "Roethenbach"]
[Date "1996.??.??"]
[Round "9"]
[White "Kujundzic, Salih"]
[Black "Suess, Helmut"]
[Result "1/2-1/2"]
[WhiteElo "2045"]
[BlackElo "2000"]
[PlyCount "25"]
[EventDate "1996.??.??"]
[EventType "swiss"]
[EventRounds "9"]
[EventCountry "GER"]
[SourceTitle "EXT 2004"]
[Source "ChessBase"]
[SourceDate "2003.11.25"]
[SourceVersion "1"]
[SourceVersionDate "2003.11.25"]
[SourceQuality "1"]

1. e4 d6 2. d4 g6 3. f4 Bg7 4. c3 c6 5. Nf3 Nf6 6. e5 Nd5 7. Be2 0-0 8. 0-0 Bg4 9. Ng5 Bxe2 10. Qxe2 h6 11. Ne4 Na6 12. Na3 Nb6 13. exd6 1/2-1/2

[Event "Mittelfranken-ch"]
[Site "Roethenbach"]
[Date "1996.??.??"]
[Round "8"]
[White "Nickmann, Peter"]
[Black "Kujundzic, Salih"]
[Result "1/2-1/2"]
[WhiteElo "1985"]
[BlackElo "2045"]
[PlyCount "38"]
[EventDate "1996.??.??"]
[EventType "swiss"]
[EventRounds "9"]
[EventCountry "GER"]
[SourceTitle "EXT 2004"]
[Source "ChessBase"]
[SourceDate "2003.11.25"]
[SourceVersion "1"]
[SourceVersionDate "2003.11.25"]
[SourceQuality "1"]

1. e4 e6 2. d4 d5 3. exd5 exd5 4. Bf4 Bd6 5. Bxd6 Qxd6 6. c3 Nf6 7. Be2 0-0 8. Nf3 Nc6 9. 0-0 Bg4 10. h3 Bh5 11. Nh2 Bxe2 12. Qxe2 Rfe8 13. Qd3 Re6 14. Na3 Rae8 15. Nc2 Ne7 16. Rae1 Ng6 17. Rxe6 Rxe6 18. Re1 c6 19. Rxe6 Qxe6 1/2-1/2

[Event "Mittelfranken-ch"]
[Site "Roethenbach"]
[Date "1996.??.??"]
[Round "5"]
[White "Woerl, Richard"]
[Black "Kujundzic, Salih"]
[Result "1/2-1/2"]
[WhiteElo "1995"]
[BlackElo "2045"]
[PlyCount "112"]
[EventDate "1996.??.??"]
[EventType "swiss"]
[EventRounds "9"]
[EventCountry "GER"]
[SourceTitle "EXT 2004"]
[Source "ChessBase"]
[SourceDate "2003.11.25"]
[SourceVersion "1"]
[SourceVersionDate "2003.11.25"]
[SourceQuality "1"]

1. e4 e6 2. d4 d5 3. exd5 exd5 4. Bd3 Bd6 5. Ne2 Nf6 6. Bf4 0-0 7. 0-0 Nc6 8. c3 Bg4 9. f3 Bh5 10. Qd2 Qd7 11. Na3 a6 12. Nc2 Bg6 13. Bxd6 Qxd6 14. Nf4 Rfe8 15. Rae1 Re7 16. Nxg6 hxg6 17. Rxe7 Nxe7 18. Re1 Re8 19. Qg5 Kf8 20. g3 Qb6 21. b4 Qc6 22. Qd2 Nf5 23. Rxe8+ Nxe8 24. Kf2 Ned6 25. Ne3 Nxe3 26. Kxe3 Nc8 27. Bc2 Qe6+ 28. Kf2 Nd6 29. Bd3 f5 30. Qg5 Kf7 31. h4 Qf6 32. Qf4 Ke6 33. a4 Kd7 34. Qe5 Qxe5 35. dxe5 Nf7 36. f4 Ke6 37. a5 Nd8 38. g4 Nc6 39. Kg3 d4 40. Bc4+ Ke7 41. cxd4 Nxd4 42. g5 Nc2 43. b5 axb5 44. Bxb5 Nd4 45. a6 bxa6 46. Bxa6 Kd8 47. Bc4 Nc6 48. Bf7 Ne7 49. Kf3 Kd7 50. Ke3 Kc6 51. Kd4 Kb5 52. Kc3 Kc5 53. Be6 Kb5 54. Bf7 Kc5 55. Bc4 Nc6 56. Bf7 Ne7 1/2-1/2

[Event "Mittelfranken-ch"]
[Site "Germany"]
[Date "1995.??.??"]
[Round "6"]
[White "Fink, Martin"]
[Black "Kujundzic, Salih"]
[Result "1/2-1/2"]
[WhiteElo "1800"]
[BlackElo "2095"]
[PlyCount "21"]
[EventDate "1995.??.??"]
[EventType "swiss"]
[EventRounds "9"]
[EventCountry "GER"]
[SourceTitle "EXT 1997"]
[Source "ChessBase"]
[SourceDate "1996.11.15"]
[SourceVersion "1"]
[SourceVersionDate "1996.11.15"]
[SourceQuality "1"]

1. e4 c5 2. Nf3 e6 3. d4 cxd4 4. Nxd4 Nf6 5. Bd3 Nc6 6. Be3 Ne5 7. Nc3 Nxd3+ 8. Qxd3 a6 9. 0-0 Be7 10. Rad1 d6 11. Nf3 1/2-1/2

[Event "Mittelfranken-ch"]
[Site "Germany"]
[Date "1995.??.??"]
[Round "3"]
[White "Kujundzic, Salih"]
[Black "Nickmann, Peter"]
[Result "1/2-1/2"]
[WhiteElo "2100"]
[BlackElo "1940"]
[PlyCount "40"]
[EventDate "1995.??.??"]
[EventType "swiss"]
[EventRounds "9"]
[EventCountry "GER"]
[SourceTitle "EXT 1997"]
[Source "ChessBase"]
[SourceDate "1996.11.15"]
[SourceVersion "1"]
[SourceVersionDate "1996.11.15"]
[SourceQuality "1"]

1. e4 e6 2. d4 d5 3. exd5 exd5 4. Bd3 Nf6 5. Nf3 Bd6 6. 0-0 0-0 7. Bg5 h6 8. Bh4 g5 9. Bg3 Ne4 10. Bxd6 Qxd6 11. Nbd2 Nxd2 12. Qxd2 f6 13. Rae1 Nc6 14. Re3 Bd7 15. Rfe1 Rae8 16. Bg6 Rxe3 17. Qxe3 Kg7 18. Bd3 Re8 19. Qd2 Rxe1+ 20. Qxe1 Qe7 1/2-1/2

[Event "Mittelfranken-ch"]
[Site "Germany"]
[Date "1995.??.??"]
[Round "5"]
[White "Kujundzic, Salih"]
[Black "Schulte, Juergen"]
[Result "1/2-1/2"]
[WhiteElo "2095"]
[BlackElo "2025"]
[PlyCount "75"]
[EventDate "1995.??.??"]
[EventType "swiss"]
[EventRounds "9"]
[EventCountry "GER"]
[SourceTitle "EXT 1997"]
[Source "ChessBase"]
[SourceDate "1996.11.15"]
[SourceVersion "1"]
[SourceVersionDate "1996.11.15"]
[SourceQuality "1"]

1. e4 c5 2. c3 d5 3. exd5 Qxd5 4. d4 Nf6 5. Nf3 Bg4 6. Be2 e6 7. Be3 cxd4 8. cxd4 Nc6 9. Nc3 Qa5 10. 0-0 Be7 11. Qb3 Qb4 12. Qxb4 Bxb4 13. h3 Bxf3 14. Bxf3 Bxc3 15. bxc3 Nd5 16. Rab1 0-0-0 17. Rfc1 Nxe3 18. fxe3 Rd6 19. c4 Rhd8 20. Rb3 Kc7 21. Kf2 f5 22. d5 Ne5 23. c5 Rxd5 24. Bxd5 Rxd5 25. Ke2 Nd7 26. Ra3 Nxc5 27. Rxa7 Kd6 28. Rd1 Rxd1 29. Kxd1 g6 30. Ra8 Nd7 31. Ke2 b6 32. Kd3 h5 33. Kc4 Nf6 34. Kb5 Nd5 35. Rd8+ Ke5 36. Rxd5+ exd5 37. Kxb6 f4 38. exf4+ 1/2-1/2